• 首页
  • 本馆介绍
  • 公告通知
  • 最新文献
  • 馆藏检索
  • 电子资源
  • 读者导购
  • 参考咨询
  • 我的图书馆
  • 登录
  • 详细信息显示
  • 放入我的书架
  • 预约/预借图书
  • 作者相关作品
  • 分类相关作品
  • 丛书相关作品
  • 出版社相关作品

书目信息

  • 表格格式
  • 工作单格式
  • 卡片格式
题名:
中学地理阅读辞典
    
 
作者: 程午昌 编写
分册: 初中卷  
出版信息: 上海   上海辞书出版社  1991.11
页数: 617页
开本: 19cm
丛书名:
单 册:
中图分类: G634.55 , G633.55
科图分类:
主题词: 地理--初中--教学参考资料 , 教育--各级
电子资源:
ISBN: 7-5326-0172-2
000 00828nam0 2200265 45
001 0193021064
005 20061031145518.92
010    @a7-5326-0172-2@dCNY6.45
100    @a19800101d1991 demy0chiy0121 ea
101 0  @achi
102    @aCN@b310000
105    @ay z 001yy
106    @ar
200 10 @a中学地理阅读辞典@AZHONG XUE DI LI YUE DU CI DIAN@h初中卷@f程午昌等编写@FCHENG WU CHANG DENG BIAN XIE
210    @a上海@c上海辞书出版社@d1991.11
215    @a617页@d19cm
330    @a本词典包括地球与地图、中国地理、世界地理3部分,收词目1490条。
540 1  @a地理 辞典@ADI LI CI DIAN
606    @a地理@x初中@x教学参考资料
606 0  @a教育@x各级
690    @aG634.55@v三版
690    @aG633.55@v3
701  0 @a程午昌@ACHENG WU CHANG@4编写
801  0 @aCN@bNLC@c20061031
905    @f6@b247028-033@dG633.55@e111:1
    
    中学地理阅读辞典.初中卷/程午昌等编写.-上海:上海辞书出版社,1991.11
    617页;19cm
    
    
    ISBN 7-5326-0172-2:CNY6.45
    本词典包括地球与地图、中国地理、世界地理3部分,收词目1490条。
●
相关链接 在E读中查询图书 在五车中查询图书 在当当中查询图书 在豆瓣中查询图书


正题名:中学地理阅读辞典     索取号:G633.55/111:1         预约/预借

序号 登录号 条形码 馆藏地/架位号 状态 备注
1 0247028   000602280   密集书库/ [索取号:G633.55/111:1] 在馆    
2 0247029   000603895   密集书库/ [索取号:G633.55/111:1] 在馆    
3 0247030   000603902   密集书库/ [索取号:G633.55/111:1] 在馆    
4 0247031   000254003   密集书库/ [索取号:G633.55/111:1] 在馆    
5 0247032   000253932   密集书库/ [索取号:G633.55/111:1] 在馆    
6 0247033   000603966   密集书库/ [索取号:G633.55/111:1] 在馆    
7 0247034   000253941   第一样本阅览室/ [索取号:G633.55/111:1] 在馆    
唐山师范学院图书馆 欢迎您!
大连网信软件有限公司© 版权所有